01430 2200421 4500001002100000005001500021035002000036007000300056008004100059020002200100082001200122084001400134100004200148245022700190250003200417300003800449650001100487700003100498700002900529700003300558700002900591700003000620700003300650700003100683700002600714264003200740336002100772337003000793338002300823040002200846090002200868850001200890999002200902990002200924990002000946990002000966990002200986INLIS00000000089938320250909023327 a0010-0925000306ta250909s2022 yoia g ind  a978-623-99265-9-504223a650 a650 SEM m0 aSemuel Abrijani PangarepanePengarang10aMembangun usaha dalam perspektif transformasi digital /cSemuel Abrijani Pangarepan, Beno K Pradekso, Senu Widianto, Irendra Radjawali, Dian Indiyati, Darma Setyawan; penyunting, Erosa Widya Asih, Lisa Vidyasari, Syafrudin aCetakan Pertama, April 2022 ax, 100 halaman :bgambar ;c19 cm 4aBisnis0 aBeno K PradeksoePengarang0 aSenu WidiantoePengarang0 aIrendra RadjawaliePengarang0 aDian IndiyatiePengarang0 aDarma SetyawanePengarang0 aErosa Widya AsihePenyunting0 aLisa VidyasariePenyunting0 aSyafrudinePenyunting31aSleman :bIde Bangsa,c2022 2rdacontentateks 2rdamediaatanpa perantara 2rdacarrieravolume aYOPDYOGbinderda aCB-D.11 2022-5277 aYOPDYOG aCB.D.11/2022-5277 aCB-D.11/2022-5277 a73819-PD/A.2025 a73819-PD/A.2025 aCB-D.11/2022-5277